Můj dům, naše ulice : individuální bydlení a jeho koordinovaná výstavba /

Salvato in:
Dettagli Bibliografici
Autori principali: Kohout, Michal (Autore), Štáfek, František (Autore), Tichý, David (Autore), Tittl, Filip (Autore)
Natura: Libro
Lingua:ceco
Pubblicazione: Praha : Zlatý řez, 2014
Edizione:1. vydanie
Soggetti:
Tags: Aggiungi Tag
Nessun Tag, puoi essere il primo ad aggiungerne!!

MARC

LEADER 00000nam a22000003a 4500
001 0080324
003 SK-STU
005 20200211152127.8
007 ta
008 200211s ----xo-----e------000-0-----d
020 |a 978-80-87068-11-3 
040 |a STU  |b slo 
041 0 |a cze 
044 |a xr 
100 1 |a Kohout, Michal  |4 aut 
245 1 0 |a Můj dům, naše ulice :  |b individuální bydlení a jeho koordinovaná výstavba /  |c aut. Michal Kohout, František Štáfek, David Tichý, Filip Tittl 
250 |a 1. vydanie 
260 |a Praha :  |b Zlatý řez,  |c 2014 
300 |a 129 s. 
650 0 7 |a bývanie individuálne 
650 0 7 |a obytné domy 
650 0 7 |a kvalita prostredia 
650 0 7 |a bývanie 
650 0 7 |a parkovanie 
650 0 7 |a radová zástavba 
650 0 7 |a hustota bývania 
650 0 7 |a plášť budovy 
700 1 |a Štáfek, František  |4 aut 
700 1 |a Tichý, David  |r Z6  |4 aut 
700 1 |a Tittl, Filip  |r Z6  |4 aut 
996 |b 284AU08310  |c A* 11570/U  |l AAKNAR  |s A  |a 24  |w 0080324_0001